000
00309nam a22001337a 4500
003
SGT
082
_a
611
_b
A16N
100
_a
NAIKE, DINESH BALKRISHNA
245
_a
AYURVEDIYA RACHNA SHARIRA VIGYAN
260
_a
NEW DELHI
_b
CHAUKHAMBHA PUB
_c
2016
300
_a
594
650
_a
AYURVEDA
942
_2
ddc
_c
BK
_0
49
999
_c
11356
_d
11356